01759nam a2200265Ia 4500001002100000003000900021005001700030008004100047040002300088041001300111100003100124240006000155245008700215250001600302260005500318300001900373490002300392501012400415520065900539700004701198942001201245999001901257999000701276952021001283248-NOU he vi (1694)IT-MiSPE20240628110255.0171229s9999||||xx |||||||||||||| ||und|| aIT-MiSPEcIT-MiSPE aITALIANO aHenri J. M. Nouwen 934442 aReaching out: The three Movements of the spiritual Life 0aViaggio spirituale per l'uomo contemporaneobI tre movimenti della vita spirituale a16a ed. (v) aBresciabQuerinianac2018 (2023 stampa anastatica) a154 p. c19 cm aSpiritualitàv18 aEdizioni San Paolo srl - Piazza Soncino, 5 - 20092 CINISELLO BALSAMO (MI) (non commercial uses only) ® Copyright 2018 aQuesto libro risponde alla domanda: “Che cosa significa vivere la vita nello Spirito di Gesù Cristo?”. È un libro personale, un libro generato da lotte che furono e rimangono in primo luogo mie. Nel corso degli anni, tuttavia, mi è apparso sempre più chiaro che approfondendo queste lotte, rintracciandone le radici, arrivavo a un livello in cui potevo condividerle. Il libro non offre risposte o soluzioni, ma è scritto con il convincimento che la ricerca di un’autentica spiritualità cristiana è degna di sforzo e di pena, perché nel mezzo di questa ricerca si possono scorgere dei segnali che offrono speranza, coraggio e fiducia aAda Tavianini Palierig(traduzione)960847 cBK2ddc c343320d343320 bNO 00102ddc406248NOU_HE_VI_169471aCINISELLObCINISELLOd2017-12-30l0o248-NOU he vi (1694)p9788839913180r2017-12-30 00:00:00w2017-12-30yBKz(data import: 20 dicembre 2017) - By Epidotti, Vaglietti.